Participativní marketing - propagace digitálního věku
Inovácie v súčasnom marketingu: lepšia možnosť merania efektivity marketingových aktivít a nové možnosti komunikácie pre zákazníkov. Rastúci význam moderných komunikačných kanálov. Ovplyvňovanie zákazníkov. Snaha dostať sa do priazne zákazníkov. Zmeny v komunikácii so zákazníkom a zmeny služieb.
Guardado en:
| Autor principal: | |
|---|---|
| Formato: | Capítulo de libro |
| Lenguaje: | checo |
| Materias: | |
| Etiquetas: |
Sin Etiquetas, Sea el primero en etiquetar este registro!
|
MARC
| LEADER | 00000naa$a2200000$$$4500 | ||
|---|---|---|---|
| 001 | 0075390 | ||
| 005 | 20231213141300.4 | ||
| 041 | 0 | |a cze | |
| 044 | |a CZ | ||
| 245 | 1 | 0 | |a Participativní marketing - propagace digitálního věku |c Tomáš Jindříšek |
| 520 | |a Inovácie v súčasnom marketingu: lepšia možnosť merania efektivity marketingových aktivít a nové možnosti komunikácie pre zákazníkov. Rastúci význam moderných komunikačných kanálov. Ovplyvňovanie zákazníkov. Snaha dostať sa do priazne zákazníkov. Zmeny v komunikácii so zákazníkom a zmeny služieb. | ||
| 610 | 2 | 0 | |a marketing |
| 610 | 2 | 0 | |a komunikácia marketingová |
| 610 | 2 | 0 | |a internet |
| 610 | 2 | 0 | |a zákazníci |
| 610 | 2 | 0 | |a propagácia |
| 610 | 2 | 0 | |a obchod |
| 610 | 2 | 0 | |a efektívnosť |
| 100 | 1 | |a Jindříšek, Tomáš | |